Normal view
MARC view
- Women artists
Entry Topical Term
001 - CONTROL NUMBER
- control field: 96332
003 - CONTROL NUMBER IDENTIFIER
- control field: NUST
005 - DATE AND TIME OF LATEST TRANSACTION
- control field: 20220802163438.0
008 - FIXED-LENGTH DATA ELEMENTS
- fixed length control field: 220802|| aca||aabn | a|a d
040 ## - CATALOGING SOURCE
- Original cataloging agency: NUST
- Transcribing agency: NUST
150 ## - HEADING--TOPICAL TERM
- Topical term or geographic name entry element: Women artists
- Form subdivision: Biography
- Form subdivision: Juvenile literature
670 ## - SOURCE DATA FOUND
- Source citation: Work cat.: (NUST)0: Ignotofsky, Rachel, 1989- author. 94742, Women in art , 2019
